THODA- THODA AADMI: Choti choti kavitaein (Record no. 9114)

MARC details
000 -LEADER
fixed length control field 00441nam a22001697a 4500
005 - DATE AND TIME OF LATEST TRANSACTION
control field 20260417103728.0
008 - FIXED-LENGTH DATA ELEMENTS--GENERAL INFORMATION
fixed length control field 260417b |||||||| |||| 00| 0 eng d
020 ## - INTERNATIONAL STANDARD BOOK NUMBER
ISBN 978-81-970133-8-6
041 ## - LANGUAGE CODE
Language code of text/sound track or separate title eng
082 ## - DEWEY DECIMAL CLASSIFICATION NUMBER
Classification number 891.431
100 ## - MAIN ENTRY--AUTHOR NAME
Personal name BHUSHAN SARIKA
245 ## - TITLE STATEMENT
Title THODA- THODA AADMI: Choti choti kavitaein
260 ## - PUBLICATION, DISTRIBUTION, ETC. (IMPRINT)
Place of publication M. P .
Name of publisher SHIVNA PRAKASHAN
Year of publication 2025
300 ## - PHYSICAL DESCRIPTION
Number of Pages 104;P
650 ## - SUBJECT ADDED ENTRY--TOPICAL TERM
Topical Term Hindi Kavita / Poetry
942 ## - ADDED ENTRY ELEMENTS (KOHA)
Koha item type Books
Holdings
Lost status Damaged status Collection code Home library Current library Shelving location Date acquired Source of acquisition Cost, normal purchase price Full call number Accession Number Koha item type
    Non-fiction JRU Library JRU Library NEW ARRIVAL SHELF 17/04/2026 PURCHASE 200.00 891.431 0098/D Books